Problémy súvisiace s klasickými štatistickými metódami pri posudzovaní finančného zdravia podniku

Pri posudzovaní finančného zdravia podniku a zároveň predpovedaní finančných problémov podnikov sa využívajú rôzne finančné ukazovatele, ktoré môžeme použiť ako vstup pre expertný odhad alebo pre tvorbu rôznych modelov s využitím napríklad viacrozmerných štatistických metód. Klasické štatistické met...

ver descrição completa

Na minha lista:
Detalhes bibliográficos
Autor principal: Feranecová, Adela, 1986-
Formato: Capítulo de Livro
Idioma:eslovaco
Assuntos:
Tags: Adicionar Tag
Sem tags, seja o primeiro a adicionar uma tag!

MARC

LEADER 00000naa a2200000 4500
001 0306060
005 20250120085416.7
041 0 |a slo 
044 |a SK 
245 1 0 |a Problémy súvisiace s klasickými štatistickými metódami pri posudzovaní finančného zdravia podniku  |c Adela Feranecová 
520 |a Pri posudzovaní finančného zdravia podniku a zároveň predpovedaní finančných problémov podnikov sa využívajú rôzne finančné ukazovatele, ktoré môžeme použiť ako vstup pre expertný odhad alebo pre tvorbu rôznych modelov s využitím napríklad viacrozmerných štatistických metód. Klasické štatistické metódy boli dlhé roky používané k rozvoju jednorozmerných diskriminačných analýz. Tieto metódy využívali najrôznejšie klasifikačné procedúry k rozdeleniu spoločnosti na spoločnosti tzv. zlyhavajúce a prosperujúce, čiže na spoločnosti smerujúce a nesmerujúce k úpadku, a to s určitou mierou klasifikačnej chyby (tzn., že nezdravá spoločnosť bude chybne klasifikovaná ako spoločnosť zdravá a naopak). 
610 2 0 |a metódy štatistické 
610 2 0 |a analýzy 
610 2 0 |a analýza diskriminačná 
610 2 0 |a indexy 
610 2 0 |a riziko 
610 2 0 |a modely 
610 2 0 |a pravdepodobnosť 
100 1 |a Feranecová, Adela, 1986-